Países cujas Bandeiras têm Mais Estrelas - Statistics

Estatísticas Gerais
  • Esse quiz foi jogado 4 929 vezes
  • A pontuação média é 11 de 23
Estatísticas das Respostas
# País % Correto
50 Estados Unidos
98%
5 China
91%
6 Austrália
89%
4 Nova Zelândia
87%
27 Brasil
86%
9 Bósnia e Herzegovina
67%
4 Estados Federados da Micronésia
66%
8 Venezuela
60%
5 Honduras
58%
9 Tuvalu
52%
5 Papua Nova Guiné
40%
5 Samoa
38%
6 Kosovo
37%
5 Ilhas Salomão
32%
12 Uzbequistão
30%
10 Cabo Verde
27%
5 Turcomenistão
22%
5 Singapura
20%
4 Comores
16%
7 Granada
16%
7 Tajiquistão
15%
10 Dominica
9%
6 Guiné Equatorial
6%
Nenhum quiz correspondente encontrado
Distribuição das Pontuações
Porcentagem de Pessoas com Cada Pontuação
Percentil de Números Respondidos
Sua Pontuação Histórica
Você não jogou esse quiz